00237 a2200121 4500001000700000020001800007040001100025100002500036240002100061245001600082300000800098362000900106183950 a85-262-4195-8 cMagnum aCervantes, Miguel de10aDom quixotelpor10aDom quixote a1340 a2005